<?xml version="1.0" encoding="UTF-8"?>
<record
    xmlns:xsi="http://www.w3.org/2001/XMLSchema-instance"
    xsi:schemaLocation="http://www.loc.gov/MARC21/slim http://www.loc.gov/standards/marcxml/schema/MARC21slim.xsd"
    xmlns="http://www.loc.gov/MARC21/slim">

  <leader>00905nam a22002537a 4500</leader>
  <controlfield tag="005">20170123162304.0</controlfield>
  <datafield tag="010" ind1=" " ind2=" ">
    <subfield code="a">B-283988</subfield>
  </datafield>
  <datafield tag="020" ind1=" " ind2=" ">
    <subfield code="c">300.00</subfield>
  </datafield>
  <datafield tag="035" ind1=" " ind2=" ">
    <subfield code="a">B-283988</subfield>
  </datafield>
  <datafield tag="037" ind1=" " ind2=" ">
    <subfield code="b">Cen Lib/Ret</subfield>
  </datafield>
  <datafield tag="040" ind1=" " ind2=" ">
    <subfield code="b">UR</subfield>
    <subfield code="a">DPL</subfield>
  </datafield>
  <datafield tag="082" ind1=" " ind2=" ">
    <subfield code="a">270.92</subfield>
    <subfield code="b">&#x645; &#x62D; &#x645;</subfield>
  </datafield>
  <datafield tag="100" ind1=" " ind2=" ">
    <subfield code="a">&#x645;&#x62D;&#x645;&#x651;&#x62F; &#x627;&#x633;&#x62D;&#x627;&#x642; &#x627;&#x62D;&#x645;&#x62F; &#x628;&#x6BE;&#x679;&#x6CC; </subfield>
    <subfield code="9">108502</subfield>
  </datafield>
  <datafield tag="245" ind1=" " ind2=" ">
    <subfield code="a">&#x642;&#x627;&#x641;&#x644;&#x6C1; &#x62D;&#x62F;&#x6CC;&#x62B; /</subfield>
    <subfield code="c">&#x645;&#x62D;&#x645;&#x651;&#x62F; &#x627;&#x633;&#x62D;&#x627;&#x642; &#x627;&#x62D;&#x645;&#x62F; &#x628;&#x6BE;&#x679;&#x6CC; </subfield>
  </datafield>
  <datafield tag="246" ind1=" " ind2=" ">
    <subfield code="a">Qafla-e- hadess /</subfield>
    <subfield code="b">by Mohammad Ishaq Ahmad Bhatti </subfield>
  </datafield>
  <datafield tag="260" ind1=" " ind2=" ">
    <subfield code="a">&#x646;&#x6CC;&#x648; &#x62F;&#x6C1;&#x644;&#x6CC; </subfield>
    <subfield code="b">&#x627;&#x644; &#x6A9;&#x62A;&#x627;&#x628; &#x627;&#x646;&#x679;&#x631;&#x646;&#x6CC;&#x634;&#x646;&#x644; </subfield>
    <subfield code="c">2007</subfield>
  </datafield>
  <datafield tag="270" ind1=" " ind2=" ">
    <subfield code="a">&#x641; &#x665;&#x660;&#x628;&#x60C; &#x645;&#x631;&#x62F;&#x6CC; &#x631;&#x648;&#x688; &#x628;&#x62A;&#x644;&#x627; &#x6C1;&#x627;&#x624;&#x633;&#x60C; &#x62C;&#x627;&#x645;&#x6C1; &#x646;&#x6AF;&#x627;&#x631; </subfield>
    <subfield code="b">&#x646;&#x6CC;&#x648; &#x62F;&#x6C1;&#x644;&#x6CC; </subfield>
    <subfield code="e">110025</subfield>
  </datafield>
  <datafield tag="300" ind1=" " ind2=" ">
    <subfield code="a">645p.</subfield>
    <subfield code="c">21cm(Hb)</subfield>
  </datafield>
  <datafield tag="650" ind1=" " ind2=" ">
    <subfield code="a"> &#x645;&#x630;&#x6C1;&#x628; - &#x645;&#x633;&#x644;&#x645;</subfield>
    <subfield code="9">547</subfield>
  </datafield>
  <datafield tag="650" ind1=" " ind2=" ">
    <subfield code="a"> &#x62D;&#x62F;&#x6CC;&#x62B; - &#x627;&#x633;&#x644;&#x627;&#x645;</subfield>
    <subfield code="9">462</subfield>
  </datafield>
  <datafield tag="650" ind1=" " ind2=" ">
    <subfield code="a">Religion -- Muslim </subfield>
    <subfield code="9">108503</subfield>
  </datafield>
  <datafield tag="650" ind1=" " ind2=" ">
    <subfield code="a">Hadees -- islam </subfield>
    <subfield code="9">108504</subfield>
  </datafield>
  <datafield tag="942" ind1=" " ind2=" ">
    <subfield code="2">ddc</subfield>
    <subfield code="c">UR</subfield>
    <subfield code="h">270.92</subfield>
    <subfield code="m">&#x645; &#x62D; &#x645;</subfield>
  </datafield>
  <datafield tag="999" ind1=" " ind2=" ">
    <subfield code="c">106171</subfield>
    <subfield code="d">106171</subfield>
  </datafield>
  <datafield tag="952" ind1=" " ind2=" ">
    <subfield code="0">0</subfield>
    <subfield code="1">0</subfield>
    <subfield code="4">0</subfield>
    <subfield code="7">0</subfield>
    <subfield code="a">L</subfield>
    <subfield code="b">L</subfield>
    <subfield code="d">2015-12-15</subfield>
    <subfield code="e">Cen Lib/Ret</subfield>
    <subfield code="g">300.00</subfield>
    <subfield code="l">0</subfield>
    <subfield code="o">270.92 &#x645; &#x62D; &#x645;</subfield>
    <subfield code="p">B-283988</subfield>
    <subfield code="r">2015-12-15 00:00:00</subfield>
    <subfield code="t">1</subfield>
    <subfield code="v">300.00</subfield>
    <subfield code="w">2015-12-15</subfield>
    <subfield code="y">UR</subfield>
  </datafield>
</record>
